000 00315nam a2200133Ia 4500
008 221030s9999 xx 000 0 und d
041 _aEnglish
082 _a105.23
100 _aJ. B. Gupta
245 0 _aElectrical Installation Estimating & Costing
_cby J. B. Gupta
260 _c0
650 _aB
942 _cBK
999 _c11136
_d11136